000 00688nam a2200265Ia 4500
005 20260121161434.0
008 008 260114s9999 xx 000 0 eng d
020 _a9781032638188
037 _aEBOOK
040 _aCRL
040 _beng
040 _cCRL
041 _2eng
041 _aeng
084 _qCRL
100 _aGreen Metaverse for Greener Economies
_91044810
245 0 _aSukanta Kumar Baral; Richa Goel; Tilottama Singh; Rakesh Kumar
260 _bTaylor and Francis
260 _c2024
650 _aComputation
_91044811
856 _uhttp://www.taylorfrancis.com/books/9781032638188
942 _cEBOOK
999 _c1610813
_d1610813